[Event "ODJM C 2018"]
[Site "Willingen GER"]
[Date "2018.05.20"]
[Round "2"]
[White "Schulz, Jonas"]
[Black "Wellßow, Keoki"]
[Result "0-1"]
[Termination "normal"]
[Board "7"]
[WhiteElo "1078"]
[BlackElo "1490"]
[PlyCount "80"]
[WhiteFideId "16245172"]
[BlackFideId "16251075"]
[EventCountry "GER"]
[EventRounds "9"]
[EventType "swiss"]
[EventDate "2018.05.19"]

1. e4 e6 2. Nf3 d5 3. Nc3 c5 4. d3 b5 5. Bg5 Qa5 6. Be2 d4 7. Bd2 dxc3 8. Bxc3
b4 9. Bd2 Nc6 10. O-O e5 11. a3 Qb6 12. axb4 cxb4 13. Be3 Bc5 14. Qd2 a5 15.
Bxc5 Qxc5 16. Qg5 g6 17. Qd2 Nf6 18. Rfc1 Ng4 19. Rf1 O-O 20. h3 Nf6 21. Qg5
Kg7 22. Nh4 Ne7 23. Rad1 Qxc2 24. Rd2 Qc5 25. d4 Qc7 26. dxe5 Nxe4 27. Qf4 Nxd2
28. Qxd2 Qxe5 29. f4 Qc5+ 30. Kh1 Qd5 31. Qc1 Ra7 32. Bf3 Qd3 33. Rd1 Qb5 34.
Qd2 Rd7 35. Qc1 Rxd1+ 36. Qxd1 Nf5 37. Nxf5+ Bxf5 38. Be2 Qc5 39. g4 Be4+ 40.
Kh2 Qf2# 0-1

[Event "ODJM C 2018"]
[Site "Willingen GER"]
[Date "2018.05.20"]
[Round "2"]
[White "Hoffmann, Alexander"]
[Black "Shapiro, Danil"]
[Result "1-0"]
[Termination "normal"]
[Board "8"]
[WhiteElo "1059"]
[BlackElo "1238"]
[PlyCount "48"]
[WhiteFideId "16240219"]
[BlackFideId "16260015"]
[EventCountry "GER"]
[EventRounds "9"]
[EventType "swiss"]
[EventDate "2018.05.19"]

1. e4 e6 2. d4 d5 3. exd5 exd5 4. Nc3 Nf6 5. Nf3 Bb4 6. Bd2 O-O 7. a3 Bxc3 8.
Bxc3 Re8+ 9. Be2 Nc6 10. O-O Ne4 11. Bd2 Bg4 12. Re1 Qf6 13. Be3 Bf5 14. h3 Re7
15. Bd3 Qg6 16. Nh4 Qf6 17. Nxf5 Qxf5 18. f3 Re6 19. fxe4 dxe4 20. Be2 Rg6 21.
Bh5 Rg3 22. Bg4 Qf6 23. Bf2 Rxg4 24. Qxg4 Re8 1-0

[Event "ODJM C 2018"]
[Site "Willingen GER"]
[Date "2018.05.20"]
[Round "2"]
[White "Heß, Wadim"]
[Black "Conrad, Max"]
[Result "1-0"]
[Termination "normal"]
[Board "9"]
[WhiteElo "1235"]
[BlackElo "1013"]
[PlyCount "119"]
[WhiteFideId "16266129"]
[BlackFideId "16265572"]
[EventCountry "GER"]
[EventRounds "9"]
[EventType "swiss"]
[EventDate "2018.05.19"]

1. e4 d5 2. exd5 Qxd5 3. Nc3 Qa5 4. Bc4 c6 5. Nf3 Bf5 6. d3 e6 7. a3 Nf6 8. Bd2
Qc7 9. Bg5 Nbd7 10. Qe2 Bd6 11. Be3 O-O 12. O-O Bg4 13. Bg5 Bxh2+ 14. Kh1 Bf4
15. Bxf4 Qxf4 16. Ne4 Bxf3 17. Qxf3 Qxf3 18. gxf3 Nxe4 19. fxe4 b5 20. Bb3 Nc5
21. Ba2 Na4 22. Rab1 a5 23. d4 Nb6 24. c3 Nc4 25. Rfd1 Nb6 26. d5 cxd5 27. exd5
exd5 28. Bxd5 g6 29. Bxa8 Rxa8 30. Rd6 Nc4 31. Rd5 Rb8 32. Kg2 Kg7 33. Kg3 h5
34. f4 f6 35. Kh4 Kh6 36. Re1 f5 37. Re6 b4 38. cxb4 axb4 39. Rxf5 bxa3 40.
bxa3 Rb1 41. Rxh5+ Kg7 42. Rg5 Rh1+ 43. Kg3 Rg1+ 44. Kf2 Rxg5 45. fxg5 Nxa3 46.
Ke3 Kf7 47. Rf6+ Kg7 48. Ke4 Nc4 49. Kd5 Ne3+ 50. Ke6 Ng4 51. Rf4 Ne3 52. Rf7+
Kg8 53. Kf6 Ng4+ 54. Ke6 Ne3 55. Ra7 Ng4 56. Ra4 Ne3 57. Kf6 Kh7 58. Ra7+ Kg8
59. Kxg6 Kf8 60. Kh7 1-0

[Event "ODJM C 2018"]
[Site "Willingen GER"]
[Date "2018.05.20"]
[Round "2"]
[White "Grozea, Nicolae Theodor"]
[Black "Noever, Jonas"]
[Result "0-1"]
[Termination "normal"]
[Board "10"]
[WhiteElo "972"]
[BlackElo "1204"]
[PlyCount "40"]
[WhiteFideId "16266234"]
[BlackFideId "16266137"]
[EventCountry "GER"]
[EventRounds "9"]
[EventType "swiss"]
[EventDate "2018.05.19"]

1. e4 e5 2. Nf3 Nc6 3. Bc4 Bc5 4. Nc3 Nf6 5. d3 d6 6. Bg5 h6 7. Bh4 Bg4 8. Nd5
Nd4 9. h3 Nxf3+ 10. gxf3 Bh5 11. Qe2 g5 12. Bg3 Nxd5 13. Bxd5 c6 14. Bb3 Qf6
15. Qd2 Qxf3 16. Rf1 Qg2 17. h4 Qh3 18. Rg1 gxh4 19. c3 hxg3 20. fxg3 Bxg1 0-1

[Event "ODJM C 2018"]
[Site "Willingen GER"]
[Date "2018.05.20"]
[Round "2"]
[White "Muhina, Liana"]
[Black "Zinnikus, Elias"]
[Result "1-0"]
[Termination "normal"]
[Board "11"]
[WhiteElo "1203"]
[BlackElo "944"]
[PlyCount "81"]
[WhiteFideId "16266145"]
[BlackFideId "16245024"]
[EventCountry "GER"]
[EventRounds "9"]
[EventType "swiss"]
[EventDate "2018.05.19"]

1. e4 d6 2. d4 Nf6 3. Nc3 g6 4. Nf3 Bg7 5. h3 c6 6. Be3 Nbd7 7. Qd2 Qc7 8. Bc4
b5 9. Bb3 e5 10. Bh6 Rg8 11. Bxg7 Rxg7 12. Qh6 Rg8 13. Ng5 d5 14. O-O a5 15. a3
exd4 16. Nxd5 cxd5 17. exd5 Qd6 18. Rfe1+ Qe7 19. Rxe7+ Kxe7 20. Re1+ Kd8 21.
Nxf7+ Kc7 22. Qf4+ Kb7 23. Nd6+ Ka6 24. Nxc8 Raxc8 25. Re6+ Ka7 26. Qxd4+ Kb7
27. a4 b4 28. Qd3 Nc5 29. Qb5+ Ka8 30. Qxa5+ Kb8 31. Rb6+ Nb7 32. Qa6 Rg7 33.
Rxf6 Re8 34. d6 Rd8 35. Bd5 Kc8 36. Qc4+ Kb8 37. a5 Nxa5 38. Qxb4+ Nb7 39. Bc6
Ka8 40. d7 Rb8 41. Qa5# 1-0

[Event "ODJM C 2018"]
[Site "Willingen GER"]
[Date "2018.05.20"]
[Round "2"]
[White "Torosyan, Bagrat"]
[Black "Hornstein, Leonhard"]
[Result "1-0"]
[Termination "normal"]
[Board "12"]
[WhiteElo "1170"]
[BlackElo "934"]
[PlyCount "81"]
[WhiteFideId "16258134"]
[BlackFideId "16254643"]
[EventCountry "GER"]
[EventRounds "9"]
[EventType "swiss"]
[EventDate "2018.05.19"]

1. e4 e6 2. d4 d5 3. exd5 exd5 4. c4 Nf6 5. Nc3 Bd6 6. c5 Be7 7. Be2 Bf5 8. Nf3
O-O 9. O-O Nc6 10. Bf4 b6 11. Bb5 Qd7 12. Ne5 Qe6 13. Bxc6 Rad8 14. Nb5 Rc8 15.
Nxa7 Rcd8 16. Nb5 Rc8 17. Bb7 Ne4 18. Bxc8 Rxc8 19. f3 Nf6 20. Re1 bxc5 21. Ng6
Qd7 22. Nxe7+ Kf8 23. Nxc8 Qxb5 24. Qb3 Qd7 25. Qb8 Qxc8 26. Qxc8+ Bxc8 27.
Bxc7 cxd4 28. Be5 d3 29. Bxf6 gxf6 30. Rac1 Bf5 31. Rc5 Be6 32. Rd1 Ke7 33.
Rxd3 Kd6 34. Ra5 Kc6 35. b4 Kb6 36. a4 Kc6 37. Kf2 Kb6 38. Ke3 Kc6 39. Kd4 Kb6
40. Rc3 Kb7 41. Kc5 1-0

[Event "ODJM C 2018"]
[Site "Willingen GER"]
[Date "2018.05.20"]
[Round "2"]
[White "Werner, Florin"]
[Black "I., Natascha"]
[Result "1-0"]
[Termination "normal"]
[Board "13"]
[WhiteElo "1194"]
[BlackElo "1131"]
[PlyCount "133"]
[WhiteFideId "16250230"]
[BlackFideId "16257545"]
[EventCountry "GER"]
[EventRounds "9"]
[EventType "swiss"]
[EventDate "2018.05.19"]

1. e4 e5 2. Nf3 Nc6 3. Bc4 Nf6 4. Ng5 d5 5. exd5 Na5 6. Qe2 Nxc4 7. Qxc4 Nxd5
8. d3 h6 9. Nf3 Bd6 10. c3 Be6 11. Qb5+ Qd7 12. Qxb7 Nb6 13. Qe4 Bf5 14. Qe2
Qe6 15. c4 Nd7 16. Nc3 c6 17. a3 a5 18. O-O O-O 19. Re1 Rfe8 20. h3 Bc7 21. b3
Rad8 22. Bb2 Nc5 23. Red1 Nxd3 24. Na4 Nxb2 25. Qxb2 Rxd1+ 26. Rxd1 Qf6 27. Nc5
Qe7 28. b4 axb4 29. axb4 Rb8 30. Na6 Rb7 31. Nxc7 Rxc7 32. Qxe5 Qxe5 33. Nxe5
Rc8 34. b5 cxb5 35. cxb5 f6 36. Nc6 Bc2 37. Rd8+ Rxd8 38. Nxd8 Be4 39. b6 Kf8
40. b7 Bxb7 41. Nxb7 Kf7 42. Nd6+ Kg6 43. Kh2 Kh5 44. g4+ Kg6 45. Kg3 Kg5 46.
h4+ Kg6 47. f3 Kh7 48. h5 Kh8 49. Kf4 Kg8 50. Kf5 Kh7 51. Nf7 Kg8 52. Nd8 Kh7
53. Ne6 Kg8 54. Kg6 Kh8 55. Nxg7 Kg8 56. Nf5 Kh8 57. Kxh6 Kg8 58. Kg6 Kh8 59.
Kxf6 Kh7 60. Nd6 Kh6 61. g5+ Kh7 62. Kf7 Kh8 63. h6 Kh7 64. g6+ Kh8 65. g7+ Kh7
66. g8=Q+ Kxh6 67. Qg6# 1-0

[Event "ODJM C 2018"]
[Site "Willingen GER"]
[Date "2018.05.20"]
[Round "2"]
[White "Grunert, Heinrich"]
[Black "Bakalarz, Adrian"]
[Result "0-1"]
[Termination "normal"]
[Board "14"]
[WhiteElo "1212"]
[BlackElo "1206"]
[PlyCount "60"]
[WhiteFideId "16213416"]
[BlackFideId "12955809"]
[EventCountry "GER"]
[EventRounds "9"]
[EventType "swiss"]
[EventDate "2018.05.19"]

1. e4 e5 2. Nf3 Nf6 3. Nc3 Nc6 4. Bc4 Bc5 5. d3 d6 6. Bg5 Be6 7. Bxe6 fxe6 8.
O-O h6 9. Bd2 Qd7 10. a3 d5 11. exd5 exd5 12. b4 Bb6 13. b5 Nd4 14. Nxd4 Bxd4
15. a4 O-O-O 16. Ra3 g5 17. Qf3 Rhf8 18. Rb1 Ne4 19. Qe2 Rxf2 20. Qh5 Rxd2+ 21.
Kh1 Nxc3 22. Rf1 e4 23. dxe4 dxe4 24. h3 e3 25. Re1 e2 26. Qg4 Qxg4 27. hxg4
Rd1 28. Rxd1 exd1=Q+ 29. Kh2 Be5+ 30. Kh3 Qh1# 0-1

[Event "ODJM C 2018"]
[Site "Willingen GER"]
[Date "2018.05.20"]
[Round "2"]
[White "Burger, Daiana"]
[Black "Kretschmer, Sven"]
[Result "0-1"]
[Termination "normal"]
[Board "15"]
[WhiteElo "939"]
[BlackElo "1201"]
[PlyCount "74"]
[WhiteFideId "16217233"]
[BlackFideId "16234650"]
[EventCountry "GER"]
[EventRounds "9"]
[EventType "swiss"]
[EventDate "2018.05.19"]

1. e4 Nc6 2. Bc4 e5 3. Nf3 Bc5 4. d3 h6 5. O-O d6 6. h3 Nf6 7. Be3 Bb6 8. Nc3
O-O 9. Qd2 Be6 10. Bb3 d5 11. Nxd5 Nxd5 12. Bxd5 Bxd5 13. exd5 Qxd5 14. Bxh6
gxh6 15. Qxh6 Qd6 16. Qg5+ Qg6 17. g4 Qxg5 18. Nxg5 Nd4 19. c3 Ne2+ 20. Kh2
Rad8 21. Rae1 Nf4 22. Rxe5 Rxd3 23. Rf5 Ne6 24. h4 Nxg5 25. Rxg5+ Kh7 26. Re1
Bxf2 27. Rh5+ Kg7 28. Rf1 Rd2 29. Kg2 Bxh4+ 30. Kh1 Be7 31. Rff5 Rxb2 32. Ra5
Rd8 33. Rad5 Rxd5 34. Rxd5 Rxa2 35. Rf5 Rc2 36. Kg1 Rxc3 37. Kg2 c5 0-1

[Event "ODJM C 2018"]
[Site "Willingen GER"]
[Date "2018.05.20"]
[Round "2"]
[White "Reichel, Sara"]
[Black "Zalomska, Nikola"]
[Result "0-1"]
[Termination "normal"]
[Board "16"]
[WhiteElo "1192"]
[BlackElo "1174"]
[PlyCount "86"]
[WhiteFideId "16245130"]
[BlackFideId "16241290"]
[EventCountry "GER"]
[EventRounds "9"]
[EventType "swiss"]
[EventDate "2018.05.19"]

1. e4 e5 2. Nf3 Nc6 3. Bc4 Bc5 4. d4 exd4 5. Ng5 Nh6 6. Nxf7 Nxf7 7. Bxf7+ Kxf7
8. Qh5+ g6 9. Qxc5 d6 10. Qb5 a6 11. Qd3 Qf6 12. O-O Re8 13. c3 Bd7 14. Bd2 Kg8
15. cxd4 Qxd4 16. Qxd4 Nxd4 17. Nc3 Bc6 18. f3 Rad8 19. Rad1 b6 20. Bg5 Rd7 21.
Rxd4 Kf7 22. f4 Kg7 23. f5 gxf5 24. exf5 Rf7 25. f6+ Kg6 26. Bh4 h6 27. Rg4+
Kh7 28. Nd1 Bd7 29. Rg3 Bb5 30. Rg7+ Rxg7 31. fxg7 Bxf1 32. Kxf1 Kxg7 33. Nc3
Rf8+ 34. Ke2 c6 35. Kd3 d5 36. Kd4 Rf4+ 37. Ke5 Rxh4 38. Kd6 Rc4 39. Kc7 b5 40.
Kb6 d4 41. Ne4 d3 42. Nf2 d2 43. Nd1 Rc1 0-1

[Event "ODJM C 2018"]
[Site "Willingen GER"]
[Date "2018.05.20"]
[Round "2"]
[White "Sarian, Gaya"]
[Black "Margaryan, Venera"]
[Result "1-0"]
[Termination "normal"]
[Board "17"]
[WhiteElo "1143"]
[BlackElo "991"]
[PlyCount "115"]
[WhiteFideId "16266161"]
[BlackFideId "16266226"]
[EventCountry "GER"]
[EventRounds "9"]
[EventType "swiss"]
[EventDate "2018.05.19"]

1. e4 c5 2. Nc3 Nc6 3. Nf3 Nf6 4. Bb5 a6 5. Bc4 e6 6. d3 Be7 7. Bg5 h6 8. Bh4
d6 9. Qd2 O-O 10. O-O Bd7 11. Rad1 Qb6 12. b3 Qc7 13. Rfe1 b5 14. Bd5 exd5 15.
exd5 Ne5 16. d4 cxd4 17. Qxd4 Ng6 18. Re2 Rac8 19. Re3 a5 20. a3 Rfe8 21. Rd2
Ng4 22. Bxe7 Nxe3 23. Bxd6 Qxc3 24. Qxc3 Rxc3 25. fxe3 Rcxe3 26. h3 Bf5 27. Nd4
Bd7 28. c4 bxc4 29. bxc4 R8e4 30. Nc2 Rb3 31. c5 Rb1+ 32. Kh2 Rh4 33. c6 Bf5
34. Bg3 Rxh3+ 35. gxh3 Be4 36. Ne1 Rc1 37. c7 f6 38. d6 Bf5 39. d7 Bxd7 40.
Rxd7 Ne5 41. Rd8+ Kh7 42. c8=Q Rxc8 43. Rxc8 a4 44. Ra8 f5 45. Rxa4 Ng6 46. Rb4
h5 47. a4 h4 48. Bxh4 f4 49. Bg5 Ne5 50. Bxf4 Ng6 51. a5 Ne7 52. a6 Nd5 53. Ra4
Nb6 54. Ra1 Na8 55. a7 g6 56. Rb1 Kg7 57. Rb8 Nc7 58. Bxc7 1-0

[Event "ODJM C 2018"]
[Site "Willingen GER"]
[Date "2018.05.20"]
[Round "2"]
[White "Ahrens, Malte"]
[Black "Herbertz, Daria"]
[Result "0-1"]
[Termination "normal"]
[Board "18"]
[WhiteElo "1046"]
[BlackElo "1394"]
[PlyCount "110"]
[WhiteFideId "16266196"]
[BlackFideId "16222989"]
[EventCountry "GER"]
[EventRounds "9"]
[EventType "swiss"]
[EventDate "2018.05.19"]

1. e4 c5 2. Nf3 e6 3. d4 cxd4 4. Nxd4 Bc5 5. Be3 Qb6 6. Qf3 Qxb2 7. Nb3 Bxe3 8.
Qxe3 Qxc2 9. Qd2 Qxe4+ 10. Qe3 Qxe3+ 11. fxe3 Nf6 12. N1d2 O-O 13. Rc1 Nc6 14.
Nc4 Ng4 15. Be2 Nce5 16. Nxe5 Nxe5 17. Nd2 d5 18. O-O Bd7 19. e4 dxe4 20. Nxe4
Bc6 21. Nc5 Rfd8 22. Rcd1 b6 23. Rxd8+ Rxd8 24. Nb3 g6 25. h3 a5 26. Rd1 Rxd1+
27. Bxd1 Bd5 28. a4 Nd3 29. Nd4 e5 30. Nb5 Nc5 31. Nc7 Bc6 32. Nb5 Bxb5 33.
axb5 a4 34. Bxa4 Nxa4 35. Kf2 Nc3 36. Ke3 f5 37. g3 Nxb5 38. Kd3 Nd6 39. Kc3 b5
40. Kd3 b4 41. Kc2 e4 42. Kb3 e3 43. Kc2 b3+ 44. Kxb3 e2 45. Kc2 e1=Q 46. Kd3
Qxg3+ 47. Ke2 f4 48. Kd2 f3 49. Kd3 f2+ 50. Kd4 f1=R 51. Kd5 Qe3 52. Kxd6 Rd1+
53. Kc6 Qc3+ 54. Kb5 Rb1+ 55. Ka4 Qa1# 0-1

[Event "ODJM C 2018"]
[Site "Willingen GER"]
[Date "2018.05.20"]
[Round "2"]
[White "Winkler, Yonathan"]
[Black "Vianden, Ella"]
[Result "1-0"]
[Termination "normal"]
[Board "19"]
[WhiteElo "1307"]
[BlackElo "1044"]
[PlyCount "135"]
[WhiteFideId "16266080"]
[BlackFideId "16235592"]
[EventCountry "GER"]
[EventRounds "9"]
[EventType "swiss"]
[EventDate "2018.05.19"]

1. e4 e5 2. Nf3 Nc6 3. Nc3 Nf6 4. Be2 Bb4 5. d4 Nxe4 6. Qd3 d5 7. dxe5 Nxe5 8.
Nxe5 Qf6 9. Nf3 Nxc3 10. Bd2 Nxa2 11. Rxa2 Bxd2+ 12. Qxd2 Be6 13. O-O O-O 14.
Bd3 a6 15. Ng5 g6 16. Nf3 Rad8 17. Qb4 d4 18. Raa1 Bd5 19. Nxd4 Qg5 20. f3 Qe3+
21. Kh1 Bc6 22. Nxc6 bxc6 23. Bxa6 Qd2 24. Qxd2 Rxd2 25. Bd3 c5 26. Ra4 Re8 27.
f4 Rd8 28. h3 Re8 29. Rc4 Re3 30. Rxc5 Rg3 31. Be4 f5 32. Bf3 g5 33. fxg5 Rxg5
34. Rxc7 h5 35. Ra1 Kh8 36. Ra8+ Rg8 37. Rxg8+ Kxg8 38. Bxh5 Rf2 39. b4 Rf1+
40. Kh2 f4 41. Bf3 Rb1 42. Rc4 Rb2 43. Rxf4 Kg7 44. c3 Rb3 45. Rc4 Kf6 46. Bc6
Kf5 47. b5 Ke5 48. Rb4 Rxc3 49. b6 Rxc6 50. b7 Rd6 51. b8=B Kd5 52. Bxd6 Kxd6
53. Rb5 Kc6 54. Rh5 Kd6 55. Kg3 Kc6 56. Kf4 Kb6 57. Ke4 Kc6 58. Kd4 Kb6 59. Rc5
Ka6 60. Kd5 Kb6 61. Kd6 Ka6 62. Kc6 Ka7 63. Rb5 Ka6 64. g3 Ka7 65. Rb6 Ka8 66.
Kc7 Ka7 67. Rc6 Ka8 68. Ra6# 1-0

[Event "ODJM C 2018"]
[Site "Willingen GER"]
[Date "2018.05.20"]
[Round "2"]
[White "Richter, Gerrit"]
[Black "Yang, Marco"]
[Result "1-0"]
[Termination "normal"]
[Board "20"]
[WhiteElo "1428"]
[BlackElo "1026"]
[PlyCount "45"]
[WhiteFideId "12990825"]
[BlackFideId "16254260"]
[EventCountry "GER"]
[EventRounds "9"]
[EventType "swiss"]
[EventDate "2018.05.19"]

1. e4 c5 2. Nf3 d6 3. d4 cxd4 4. Nxd4 Nf6 5. Nc3 g6 6. f3 Bg7 7. Be3 O-O 8. Qd2
Nc6 9. O-O-O d5 10. Nxc6 bxc6 11. exd5 cxd5 12. Nxd5 Nxd5 13. Qxd5 Be6 14. Qxd8
Rfxd8 15. Rxd8+ Rxd8 16. Bxa7 Ra8 17. Bc5 Kf8 18. a3 Rb8 19. Bb4 Ke8 20. Be2
Kd7 21. Rd1+ Kc6 22. f4 Bd5 23. g3 1-0

[Event "ODJM C 2018"]
[Site "Willingen GER"]
[Date "2018.05.20"]
[Round "2"]
[White "Schneble, Milan"]
[Black "Ahrens, Merle"]
[Result "1-0"]
[Termination "normal"]
[Board "21"]
[WhiteElo "1258"]
[BlackElo "1008"]
[PlyCount "25"]
[WhiteFideId "16266102"]
[BlackFideId "16266200"]
[EventCountry "GER"]
[EventRounds "9"]
[EventType "swiss"]
[EventDate "2018.05.19"]

1. d4 d5 2. c4 Nf6 3. e3 Bf5 4. Nf3 Nc6 5. Nc3 Nb4 6. Qa4+ Nc6 7. Ne5 Qd6 8. c5
Qe6 9. Bb5 Rd8 10. Ne2 Nd7 11. Nf4 Qf6 12. Nxd5 Qe6 13. Nxc7# 1-0

[Event "ODJM C 2018"]
[Site "Willingen GER"]
[Date "2018.05.20"]
[Round "2"]
[White "Zobel, Christian Erik"]
[Black "Wellßow, Lio Keanu"]
[Result "1-0"]
[Termination "normal"]
[Board "22"]
[WhiteElo "1240"]
[BlackElo "1004"]
[PlyCount "51"]
[WhiteFideId "16259068"]
[BlackFideId "16252837"]
[EventCountry "GER"]
[EventRounds "9"]
[EventType "swiss"]
[EventDate "2018.05.19"]

1. e4 e5 2. Nf3 Nc6 3. d4 exd4 4. Nxd4 Nf6 5. Nc3 b6 6. Nxc6 dxc6 7. Qxd8+ Kxd8
8. Bg5 Be7 9. O-O-O+ Bd7 10. Bc4 h6 11. Be3 Ke8 12. Rhe1 Ng4 13. Kb1 b5 14. Bb3
b4 15. Na4 a5 16. Bc5 Bxc5 17. Nxc5 Bc8 18. Rd2 Ne5 19. f4 Ng6 20. f5 Ne7 21.
Rd4 Ng8 22. Rd8+ Ke7 23. e5 a4 24. Bxa4 h5 25. Bxc6 Rb8 26. Re8# 1-0

[Event "ODJM C 2018"]
[Site "Willingen GER"]
[Date "2018.05.20"]
[Round "2"]
[White "Sieber, Cassandra"]
[Black "Reyher, Bastian"]
[Result "1-0"]
[Termination "normal"]
[Board "23"]
[WhiteElo "1001"]
[BlackElo "1137"]
[PlyCount "99"]
[WhiteFideId "16266218"]
[BlackFideId "12927465"]
[EventCountry "GER"]
[EventRounds "9"]
[EventType "swiss"]
[EventDate "2018.05.19"]

1. e4 e5 2. Nf3 Nc6 3. d4 f6 4. dxe5 fxe5 5. Nxe5 Nxe5 6. Qh5+ Ng6 7. e5 d5 8.
Bd3 N8e7 9. Bg5 Kd7 10. Bxg6 h6 11. Bh4 Kc6 12. O-O Be6 13. Nc3 b6 14. Bd3 Kb7
15. Rad1 Qd7 16. Be2 g6 17. Qf3 g5 18. Bg3 h5 19. h3 g4 20. Qf6 Rh6 21. Qh4 Nf5
22. Qg5 Be7 23. Qf4 Rg8 24. h4 c6 25. Rd3 Rhg6 26. Ne4 Nxh4 27. Nd6+ Kc7 28.
Rfd1 Bg5 29. Qb4 c5 30. Qb5 Qxb5 31. Nxb5+ Kb7 32. Nd6+ Kc6 33. Ra3 a5 34. c4
d4 35. Bd3 R6g7 36. f4 Bd8 37. f5 Bd7 38. f6 Rg5 39. Bxh4 Rxe5 40. f7 Rf8 41.
Bg3 Re3 42. Bg6 Rxa3 43. bxa3 h4 44. Bf4 g3 45. Bh6 Be7 46. Bxf8 Bxf8 47. Ne4
Bg4 48. Rf1 Kc7 49. Nf6 Bc8 50. Nh7 1-0

[Event "ODJM C 2018"]
[Site "Willingen GER"]
[Date "2018.05.20"]
[Round "2"]
[White "Borgstädt, Leif"]
[Black "Wilmink, Luca"]
[Result "0-1"]
[Termination "normal"]
[Board "24"]
[WhiteElo "1175"]
[BlackElo "1267"]
[PlyCount "88"]
[WhiteFideId "16266153"]
[BlackFideId "16245253"]
[EventCountry "GER"]
[EventRounds "9"]
[EventType "swiss"]
[EventDate "2018.05.19"]

1. d4 Nf6 2. c4 d5 3. Nc3 e6 4. Bg5 Be7 5. Qc2 Bd7 6. e3 Bc6 7. Nf3 Nbd7 8. Be2
Nb6 9. b3 Nfd7 10. Bxe7 Qxe7 11. c5 Nc8 12. b4 a6 13. O-O Na7 14. Nd2 Nb5 15.
Nxb5 Bxb5 16. Bxb5 axb5 17. a4 O-O 18. a5 b6 19. a6 Ra7 20. g3 Rfa8 21. cxb6
Nxb6 22. Qc5 Qxc5 23. dxc5 Na4 24. e4 h6 25. exd5 exd5 26. Rfd1 Rxa6 27. Nb1 c6
28. Re1 Nxc5 29. Rxa6 Nxa6 30. Nc3 Nxb4 31. Nxb5 cxb5 32. Rb1 Ra4 33. h4 d4 34.
Kf1 Kf8 35. Ke2 d3+ 36. Kf1 Ke7 37. f3 Ke6 38. Kf2 Kd5 39. Ke3 Kc4 40. Kd2 Ra2+
41. Kd1 Rc2 42. g4 d2 43. g5 Kd3 44. f4 Na2 0-1

[Event "ODJM C 2018"]
[Site "Willingen GER"]
[Date "2018.05.20"]
[Round "2"]
[White "Foos, Vanessa"]
[Black "Haug, Mara"]
[Result "0-1"]
[Termination "normal"]
[Board "25"]
[WhiteElo "1171"]
[BlackElo "938"]
[PlyCount "62"]
[WhiteFideId "16245270"]
[BlackFideId "16259300"]
[EventCountry "GER"]
[EventRounds "9"]
[EventType "swiss"]
[EventDate "2018.05.19"]

1. e4 e5 2. Nf3 Nc6 3. Bc4 Bc5 4. b4 Bxb4 5. c3 Bc5 6. d4 exd4 7. cxd4 Bb4+ 8.
Bd2 Nf6 9. d5 Bxd2+ 10. Nbxd2 Nb4 11. Rb1 Qe7 12. O-O a5 13. a3 Na6 14. Qa4
Nxe4 15. Rfe1 f5 16. Bxa6 Rxa6 17. Nxe4 O-O 18. Ng3 Qd6 19. Qh4 f4 20. Ng5 h6
21. N5e4 Qxa3 22. Nh5 Re8 23. Qg4 Qe7 24. Nef6+ Qxf6 25. Nxf6+ Rxf6 26. Rxe8+
Kh7 27. Rxc8 c6 28. dxc6 dxc6 29. Rxb7 Rg6 30. Qxf4 Re6 31. Qf7 Re1# 0-1

[Event "ODJM C 2018"]
[Site "Willingen GER"]
[Date "2018.05.20"]
[Round "2"]
[White "Basovskiy, Michael"]
[Black "Butenandt, Albrecht"]
[Result "0-1"]
[Termination "normal"]
[Board "26"]
[WhiteElo "937"]
[BlackElo "1138"]
[PlyCount "34"]
[WhiteFideId "16258754"]
[BlackFideId "16213424"]
[EventCountry "GER"]
[EventRounds "9"]
[EventType "swiss"]
[EventDate "2018.05.19"]

1. d4 Nf6 2. c4 g6 3. Nc3 Bg7 4. Nf3 d6 5. Qc2 O-O 6. Bf4 Nfd7 7. e3 e5 8. dxe5
dxe5 9. Bg3 Nc6 10. O-O-O Qe7 11. Be2 Nb6 12. Nd5 Nxd5 13. cxd5 Nb4 14. Qb3
Qc5+ 15. Kb1 Bf5+ 16. Ka1 Nc2+ 17. Kb1 Nd4+ 0-1

[Event "ODJM C 2018"]
[Site "Willingen GER"]
[Date "2018.05.20"]
[Round "2"]
[White "Bone, Franziska"]
[Black "Wagner, Xaver Korbinian"]
[Result "1-0"]
[Termination "normal"]
[Board "27"]
[WhiteElo "920"]
[BlackElo "1127"]
[PlyCount "83"]
[WhiteFideId "16261488"]
[EventCountry "GER"]
[EventRounds "9"]
[EventType "swiss"]
[EventDate "2018.05.19"]

1. e4 e5 2. Nf3 Nc6 3. Bc4 Bc5 4. c3 d6 5. h3 h6 6. d4 exd4 7. cxd4 Bb4+ 8. Nc3
Nf6 9. O-O Bxc3 10. bxc3 O-O 11. d5 Ne5 12. Nxe5 dxe5 13. Ba3 Re8 14. Bb5 Bd7
15. Bxd7 Qxd7 16. Re1 Rad8 17. c4 c6 18. Rb1 b5 19. d6 bxc4 20. Rc1 Qb7 21.
Rxc4 Qa6 22. Ra4 Qb7 23. Bc5 Qb5 24. Bxa7 Ra8 25. Ra3 Red8 26. Ree3 Qb4 27.
Red3 Nxe4 28. d7 Nf6 29. Rab3 Qe7 30. Rb7 Qe6 31. Bb6 Rxd7 32. Rdxd7 Nxd7 33.
Rxd7 Qxa2 34. Rd8+ Rxd8 35. Qxd8+ Kh7 36. Qd3+ g6 37. Qe4 Qd5 38. Qe3 Qa2 39.
Bc5 Qd5 40. Bf8 Qd4 41. Qxh6+ Kg8 42. Qg7# 1-0

[Event "ODJM C 2018"]
[Site "Willingen GER"]
[Date "2018.05.20"]
[Round "2"]
[White "Trenkelbach, Cassian Karl"]
[Black "Jagodzinsky, Lukas"]
[Result "0-1"]
[Termination "normal"]
[Board "29"]
[WhiteElo "1076"]
[BlackElo "840"]
[PlyCount "114"]
[WhiteFideId "16266188"]
[BlackFideId "16233255"]
[EventCountry "GER"]
[EventRounds "9"]
[EventType "swiss"]
[EventDate "2018.05.19"]

1. d4 d5 2. Nc3 Nf6 3. Bf4 Bf5 4. Nb5 e5 5. Bxe5 Bd6 6. Bxd6 cxd6 7. Nf3 Nc6 8.
e3 Nb4 9. Na3 Qa5 10. c3 Nc6 11. Bb5 a6 12. Bxc6+ bxc6 13. O-O O-O 14. Re1 Qd8
15. Qa4 Rb8 16. Qxa6 Rxb2 17. Qxc6 Qd7 18. Qxd7 Nxd7 19. Ng5 Ra8 20. Nb1 Rab8
21. e4 dxe4 22. Nxe4 d5 23. Nd6 Bxb1 24. Re8+ Rxe8 25. Nxe8 Nb6 26. a4 Nc4 27.
a5 Nxa5 28. Rxa5 Re2 29. g3 Rxe8 30. Rxd5 Be4 31. Rd7 Ra8 32. f3 Bxf3 33. Kf2
Bg4 34. Re7 g6 35. d5 Ra2+ 36. Ke3 Ra3 37. Kf4 Bf5 38. Re8+ Kg7 39. Ke5 Rxc3
40. d6 Re3+ 41. Kd5 Rxe8 42. Kc6 Re2 43. d7 Bxd7+ 44. Kxd7 Rxh2 45. g4 f5 46.
gxf5 gxf5 47. Ke6 f4 48. Ke5 f3 49. Ke4 f2 50. Ke3 f1=R 51. Ke4 Rh3 52. Ke5 Rh4
53. Ke6 Rh5 54. Ke7 Rh6 55. Ke8 Rf7 56. Kd8 Ra6 57. Kc8 Ra8# 0-1